<?xml version="1.0" encoding="UTF-8"?>
<collection xmlns="http://www.loc.gov/MARC21/slim">
 <record>
  <leader>01385nam a2200193Ia 4500</leader>
  <controlfield tag="001">TDMU_27575</controlfield>
  <controlfield tag="008">210410s9999    xx            000 0 und d</controlfield>
  <datafield tag="082" ind1=" " ind2=" ">
   <subfield code="a">495.183</subfield>
  </datafield>
  <datafield tag="090" ind1=" " ind2=" ">
   <subfield code="b">V400</subfield>
  </datafield>
  <datafield tag="100" ind1=" " ind2=" ">
   <subfield code="a">Võ, Hoàng Sơn</subfield>
  </datafield>
  <datafield tag="245" ind1=" " ind2="0">
   <subfield code="a">Thiết kế cung cấp điện cho vườn lan có sử dụng năng lượng mặt trời</subfield>
  </datafield>
  <datafield tag="245" ind1=" " ind2="0">
   <subfield code="c">Võ Hoàng Sơn; TS. Trần Văn Thành(Hướng dẫn)</subfield>
  </datafield>
  <datafield tag="260" ind1=" " ind2=" ">
   <subfield code="a">Bình Dương, 2016</subfield>
  </datafield>
  <datafield tag="300" ind1=" " ind2=" ">
   <subfield code="a">61tr</subfield>
  </datafield>
  <datafield tag="520" ind1=" " ind2=" ">
   <subfield code="a">Chuyên ngành: Điện công nghiệp; Danh mục tài liệu tham khảo sau phần kết luận tr.61; Khóa luận tốt nghiệp Cao đẳng trường Đại học Thủ Dầu Một, 2013- 2016; Khóa luận gồm 5 chương. Chương 1 Tổng quan về đề tài; Chương 2 Tìm hiểu về tiềm năng năng lượng tái tạo; Chương 3 Năng lượng mặt trời; Chương 4 Cấu tạo hệ thống năng lượng mặt trời; Chương 5 Tổng quan về vườn lan.</subfield>
  </datafield>
  <datafield tag="650" ind1=" " ind2=" ">
   <subfield code="a">Khóa luận; Cung cấp điện</subfield>
   <subfield code="x">Năng lượng mặt trời; Điện Công nghiệp</subfield>
  </datafield>
  <datafield tag="700" ind1=" " ind2=" ">
   <subfield code="a">Trần Văn Thành</subfield>
  </datafield>
  <datafield tag="856" ind1=" " ind2=" ">
   <subfield code="u">http://lrc.tdmu.edu.vn/opac/search/detail.asp?aID=2&amp;ID=27575</subfield>
  </datafield>
  <datafield tag="980" ind1=" " ind2=" ">
   <subfield code="a">Trung tâm Học liệu Trường Đại học Thủ Dầu Một</subfield>
  </datafield>
 </record>
</collection>
